[Event "Lliga Catalana DH"]
[Site "?"]
[Date "2018.04.14"]
[Round "11.8"]
[White "Pau Plana, Albert"]
[Black "Garcia Marin, Guillem"]
[Result "1/2-1/2"]
[WhiteElo "2165"]
[BlackElo "2188"]
[PlyCount "56"]
[EventDate "2018.??.??"]
[WhiteTeam "FIG"]
[BlackTeam "MLL"]

1. d4 Nf6 2. Nf3 g6 3. c4 Bg7 4. Nc3 d5 5. cxd5 Nxd5 6. e4 Nxc3 7. bxc3 c5 8.
Be3 O-O 9. Rc1 Qa5 10. Qd2 Rd8 11. Be2 e6 12. d5 Nc6 13. c4 Qxd2+ 14. Nxd2 Nd4
15. Bxd4 cxd4 16. O-O b5 17. c5 exd5 18. exd5 Rxd5 19. Bf3 Be6 20. Bxd5 Bxd5
21. Nb3 Bc4 22. Rfd1 d3 23. Na5 Bh6 24. Nxc4 Bxc1 25. Rxc1 bxc4 26. Rxc4 Rd8
27. Rc1 d2 28. Rd1 Rc8 1/2-1/2

[Event "Lliga Catalana DH"]
[Site "?"]
[Date "2018.04.14"]
[Round "11.9"]
[White "Fernandez Lozano, Francesc"]
[Black "Alonso Jimenez, Joan"]
[Result "1-0"]
[WhiteElo "2192"]
[BlackElo "2092"]
[PlyCount "85"]
[EventDate "2018.??.??"]
[WhiteTeam "MLL"]
[BlackTeam "FIG"]

1. d4 Nf6 2. Bg5 Ne4 3. Bf4 d5 4. e3 e6 5. Bd3 Bd6 6. Bxd6 Nxd6 7. Nd2 Nd7 8.
f4 c5 9. c3 b6 10. Ngf3 Bb7 11. Qe2 Qc7 12. g3 Nf6 13. Bc2 O-O 14. O-O Rae8 15.
Ne5 Nfe4 16. Nxe4 dxe4 17. dxc5 bxc5 18. c4 f6 19. Ng4 Rf7 20. Rad1 Rd8 21. Nf2
Qa5 22. Bb1 Rfd7 23. b3 f5 24. Qe1 Qa3 25. Qc3 Nf7 26. Rxd7 Rxd7 27. Rd1 Rxd1+
28. Nxd1 Qa6 29. Qd2 Qc6 30. Nc3 a6 31. Na4 e5 32. Kf1 exf4 33. gxf4 h6 34. h4
Ba8 35. Bc2 Kh7 36. Bd1 g5 37. hxg5 hxg5 38. Qh2+ Kg8 39. fxg5 Qd7 40. Ke1 Kg7
41. Qd2 Qc7 42. Qc3+ Kg8 43. Qf6 1-0

[Event "Lliga Catalana DH"]
[Site "?"]
[Date "2018.04.14"]
[Round "11.10"]
[White "Falgueras Marti, Carles"]
[Black "Caro Martinez, Ramon"]
[Result "1/2-1/2"]
[WhiteElo "2024"]
[BlackElo "1976"]
[PlyCount "71"]
[EventDate "2018.??.??"]
[WhiteTeam "FIG"]
[BlackTeam "MLL"]

1. e4 d6 2. d4 Nf6 3. Nc3 c6 4. f4 g6 5. Bd3 Bg7 6. Nf3 O-O 7. O-O a5 8. e5
dxe5 9. dxe5 Qb6+ 10. Kh1 Ng4 11. Qe2 Na6 12. h3 Nh6 13. Be3 Qc7 14. g4 f6 15.
Bc4+ Kh8 16. a3 b5 17. Ba2 Rb8 18. Rad1 b4 19. Na4 c5 20. Bc4 Qc6 21. b3 Nc7
22. exf6 Bxf6 23. Nxc5 bxa3 24. Qf2 Nf7 25. Bd4 Nd6 26. Bd3 Ne6 27. Nxe6 Bxe6
28. Bxf6+ Rxf6 29. Qd4 Kg8 30. Kh2 Rb4 31. Ne5 Qb7 32. Qe3 Qc8 33. Ra1 a4 34.
Rxa3 axb3 35. cxb3 Bxb3 36. Rc1 1/2-1/2

[Event "Lliga Catalana DH"]
[Site "?"]
[Date "2018.04.14"]
[Round "11.8"]
[White "Codina Garcia, Josep"]
[Black "Grau Garsaball, Jaume"]
[Result "1-0"]
[WhiteElo "2189"]
[BlackElo "2104"]
[PlyCount "56"]
[EventDate "2018.??.??"]
[WhiteTeam "LLE"]
[BlackTeam "PEC"]

1. d4 d5 2. Nf3 Nf6 3. c4 c6 4. e3 Bg4 5. Qb3 Qb6 6. Qxb6 axb6 7. Nc3 Bxf3 8.
gxf3 e6 9. Bd3 Nbd7 10. cxd5 Nxd5 11. Bd2 Nb4 12. Bb1 c5 13. Nb5 Na6 14. Be4
Rb8 15. Ke2 Be7 16. d5 exd5 17. Bxd5 Nf6 18. Bc4 Rd8 19. a3 O-O 20. Rad1 Nb8
21. Bc3 Nc6 22. Rhg1 Rxd1 23. Rxd1 Rd8 24. Rxd8+ Nxd8 25. Kd3 Kf8 26. h3 Ke8
27. Be5 Nd7 28. Bxg7 f6 1-0

[Event "Lliga Catalana DH"]
[Site "?"]
[Date "2018.04.14"]
[Round "11.6"]
[White "Sole Pijuan, Ferran"]
[Black "Garcia Acosta, Roger"]
[Result "1-0"]
[WhiteElo "2226"]
[BlackElo "2220"]
[PlyCount "65"]
[EventDate "2018.??.??"]
[WhiteTeam "LLE"]
[BlackTeam "PEC"]

1. d4 d5 2. c4 e6 3. Nc3 Be7 4. Nf3 Nf6 5. Bg5 h6 6. Bh4 O-O 7. e3 b6 8. cxd5
exd5 9. Bd3 Be6 10. O-O c5 11. Rc1 Nh5 12. Bxe7 Qxe7 13. dxc5 bxc5 14. Nxd5
Bxd5 15. Bh7+ Kxh7 16. Qxd5 Na6 17. Qxh5 Rab8 18. b3 Rfc8 19. h3 Nb4 20. a3 Na6
21. Qf5+ Kg8 22. Rc3 Rc6 23. Rd1 Rf6 24. Rd7 Qe8 25. Qd5 Rg6 26. Ne5 Rf6 27.
Nc6 Ra8 28. e4 Kh7 29. e5 Rg6 30. Ne7 Re6 31. Rg3 g6 32. Nxg6 Rb8 33. Qd3 1-0

[Event "Lliga Catalana DH"]
[Site "?"]
[Date "2018.04.14"]
[Round "11.9"]
[White "Lanau Garcia, Francesc"]
[Black "Masague Artero, Guerau"]
[Result "0-1"]
[WhiteElo "2036"]
[BlackElo "2164"]
[PlyCount "46"]
[EventDate "2018.??.??"]
[WhiteTeam "PEC"]
[BlackTeam "LLE"]

1. d4 Nf6 2. c4 e6 3. Nf3 Bb4+ 4. Bd2 Qe7 5. a3 Bxd2+ 6. Nbxd2 d6 7. g3 O-O 8.
Bg2 e5 9. dxe5 dxe5 10. e3 Rd8 11. Qc2 h6 12. O-O Nc6 13. Rfe1 a5 14. Nb1 Be6
15. Nfd2 Qd7 16. Nf3 Bf5 17. Qc1 e4 18. Nh4 Bh3 19. Bh1 g5 20. Ng2 Ne5 21. Nc3
Nf3+ 22. Kf1 Qd3+ 23. Ne2 Ng4 0-1

[Event "Lliga Catalana DH"]
[Site "?"]
[Date "2018.04.14"]
[Round "11.10"]
[White "Sole Gonzalez, Edgar"]
[Black "Codina Broto, Sergi"]
[Result "1-0"]
[WhiteElo "2142"]
[BlackElo "1985"]
[PlyCount "51"]
[EventDate "2018.??.??"]
[WhiteTeam "LLE"]
[BlackTeam "PEC"]

1. d4 e6 2. Nf3 d5 3. c4 f5 4. Bf4 Nf6 5. Nc3 c6 6. e3 Bd6 7. Bd3 O-O 8. O-O
Bc7 9. cxd5 exd5 10. Qc2 Ne4 11. Bxc7 Qxc7 12. Nxd5 Qd6 13. Nf4 Qe7 14. Ne5 Nd6
15. Qb3+ Nf7 16. Bc4 Nd7 17. Bxf7+ Rxf7 18. Nxf7 Qxf7 19. Qxf7+ Kxf7 20. Rac1
Nf6 21. d5 Bd7 22. dxc6 Bxc6 23. Nd3 Re8 24. Nb4 Bd5 25. Rc7+ Re7 26. Rfc1 1-0

[Event "Lliga Catalana DH"]
[Site "?"]
[Date "2018.04.14"]
[Round "11.2"]
[White "Trepat Herranz, Joan"]
[Black "Gual Pascual, Antoni"]
[Result "1-0"]
[WhiteElo "2431"]
[BlackElo "2485"]
[PlyCount "89"]
[EventDate "2018.??.??"]
[WhiteTeam "LLE"]
[BlackTeam "PEC"]

1. e4 g6 2. d4 Bg7 3. Nf3 d6 4. Bc4 e6 5. Bb3 Ne7 6. O-O Nd7 7. Re1 O-O 8. Nbd2
b6 9. Nf1 Bb7 10. Ng3 c5 11. c3 Rc8 12. h4 cxd4 13. cxd4 e5 14. Be3 Nc6 15. Bg5
Nf6 16. h5 exd4 17. h6 Bh8 18. Nxd4 Qd7 19. Nxc6 Bxc6 20. Qd2 Qg4 21. Qf4 Qxf4
22. Bxf4 Rfe8 23. Bxd6 Nxe4 24. Nxe4 Bxe4 25. Rac1 Rxc1 26. Rxc1 Bf5 27. Rc7
Be6 28. Bxe6 fxe6 29. b4 a5 30. b5 Bd4 31. Kf1 Rd8 32. Rc6 Kf7 33. f4 g5 34.
fxg5 Kg6 35. Ke2 Kf5 36. Kf3 Rd7 37. Bf4 Re7 38. g4+ Kg6 39. Ke4 Bc5 40. Ke5
Kf7 41. g6+ Kxg6 42. Rxe6+ Rxe6+ 43. Kxe6 Bf8 44. Kd5 Bc5 45. Kc6 1-0

[Event "Lliga Catalana DH"]
[Site "?"]
[Date "2018.04.14"]
[Round "11.3"]
[White "Alonso Garcia, Rene"]
[Black "Baches Garcia, Guillermo"]
[Result "1-0"]
[WhiteElo "2424"]
[BlackElo "2406"]
[PlyCount "61"]
[EventDate "2018.??.??"]
[WhiteTeam "PEC"]
[BlackTeam "LLE"]

1. d4 d5 2. c4 dxc4 3. Nf3 Nf6 4. e3 b5 5. a4 b4 6. Bxc4 e6 7. O-O Bb7 8. Nbd2
Be7 9. Qe2 O-O 10. a5 a6 11. e4 c5 12. dxc5 Nfd7 13. Nb3 Nxc5 14. Nfd2 Nc6 15.
Qe3 Nd7 16. Be2 Qc7 17. Nc4 Rad8 18. Bd2 Nf6 19. Rfc1 Ne5 20. f3 Ned7 21. Qf2
Qb8 22. Be3 Rc8 23. Qg3 e5 24. Qf2 Rc6 25. Nb6 Rxc1+ 26. Rxc1 Bd8 27. Nxd7 Nxd7
28. Qf1 f5 29. Bxa6 Ba8 30. Qb5 Qd6 31. Rc8 1-0

[Event "Lliga Catalana DH"]
[Site "?"]
[Date "2018.04.14"]
[Round "11.4"]
[White "Oussama Lahchaichi, Adel"]
[Black "Escandell Mari, Juan Carlos"]
[Result "1/2-1/2"]
[WhiteElo "2378"]
[BlackElo "2351"]
[PlyCount "59"]
[EventDate "2018.??.??"]
[WhiteTeam "LLE"]
[BlackTeam "PEC"]

1. c4 Nf6 2. g3 e5 3. Bg2 Nc6 4. Nc3 Bc5 5. e3 O-O 6. Nge2 d6 7. h3 Re8 8. O-O
a6 9. d4 exd4 10. exd4 Ba7 11. Bg5 h6 12. Be3 Ne7 13. f4 Ng6 14. Qd2 c5 15. g4
d5 16. cxd5 Nxd5 17. f5 Nh4 18. Bxh6 gxh6 19. Qxh6 Nxg2 20. Kxg2 Qb6 21. g5 Ne7
22. g6 Qf6 23. Nd5 Qg7 24. Qxg7+ Kxg7 25. Nc7 Bd7 26. Nxa8 Rxa8 27. Nc3 Nxf5
28. d5 Re8 29. Rae1 fxg6 30. Ne4 1/2-1/2

[Event "Lliga Catalana DH"]
[Site "?"]
[Date "2018.04.14"]
[Round "11.7"]
[White "Comallonga Fernandez, Josep"]
[Black "Bruned Segura, Mario"]
[Result "1/2-1/2"]
[WhiteElo "2137"]
[BlackElo "2217"]
[PlyCount "80"]
[EventDate "2018.??.??"]
[WhiteTeam "PEC"]
[BlackTeam "LLE"]

1. d4 d6 2. c4 e5 3. dxe5 dxe5 4. Qxd8+ Kxd8 5. Nc3 c6 6. Nf3 f6 7. g3 Be6 8.
b3 Nd7 9. Bg2 Bb4 10. Bd2 a5 11. O-O Ne7 12. Rfd1 Nc8 13. Be1 Ncb6 14. Ne4 Kc7
15. h3 Rhd8 16. g4 Be7 17. Bc3 a4 18. Ne1 Nc5 19. Nxc5 Bxc5 20. Nd3 Bd4 21.
Bxd4 Rxd4 22. Nc5 Rxd1+ 23. Rxd1 Bc8 24. Rd2 axb3 25. axb3 Ra5 26. Nd3 Be6 27.
Rb2 Nd7 28. Kh2 Ra1 29. f4 exf4 30. Nxf4 Bf7 31. Be4 g5 32. Nd3 h5 33. Bf5 b6
34. Kg2 hxg4 35. hxg4 Nf8 36. Nf2 Be6 37. Bxe6 Nxe6 38. Ne4 Rd1 39. Nxf6 Rd4
40. e3 Rd3 1/2-1/2

[Event "Lliga Catalana DH"]
[Site "?"]
[Date "2018.04.14"]
[Round "11.1"]
[White "Guerra Mendez , Jose Angel"]
[Black "Barbero Sendic, Alejandro"]
[Result "1/2-1/2"]
[WhiteElo "2544"]
[BlackElo "2430"]
[PlyCount "142"]
[WhiteTeam "PEC"]
[BlackTeam "LLE"]

1. e4 e5 2. Nf3 Nc6 3. d4 exd4 4. Bc4 Nf6 5. e5 d5 6. Bb5 Ne4 7. Nxd4 Bc5 8.
Be3 Bxd4 9. Qxd4 O-O 10. Bxc6 bxc6 11. Nc3 Ng5 12. O-O-O Ne6 13. Qa4 Bd7 14.
Qa3 f6 15. exf6 Qxf6 16. Ne4 Qg6 17. Nc5 Nxc5 18. Bxc5 Rfe8 19. Qg3 Bf5 20.
Qxg6 Bxg6 21. Rhe1 a6 22. Be3 Kf7 23. Bf4 Rac8 24. Kd2 c5 25. Rxe8 Kxe8 26.
Re1+ Kd7 27. Be5 Rf8 28. f3 Bf7 29. g3 g6 30. f4 Re8 31. b3 Be6 32. Re3 d4 33.
Re1 a5 34. c3 a4 35. bxa4 Ra8 36. cxd4 Rxa4 37. dxc5 Rxa2+ 38. Kc3 Rxh2 39.
Bxc7 Rg2 40. f5 Bxf5 41. Bd6 h5 42. Kd4 Rd2+ 43. Ke5 Bd3 44. Ra1 Re2+ 45. Kd4
Bf5 46. Ra7+ Kc6 47. Rc7+ Kb5 48. Rb7+ Kc6 49. Rc7+ Kb5 50. Rb7+ Kc6 51. Rb6+
Kd7 52. Bb8 Rd2+ 53. Ke5 Rc2 54. Bd6 Re2+ 55. Kf6 Rc2 56. Ra6 Rc4 57. Ke5 Rc2
58. Ra7+ Kc6 59. Rc7+ Kb5 60. Kf6 Re2 61. Be5 Rc2 62. Bd6 Re2 63. Kg5 Re6 64.
Rb7+ Kc6 65. Rb6+ Kd7 66. Ra6 Re2 67. Bf4 Re6 68. Ra7+ Kc6 69. Ra6+ Kxc5 70.
Rxe6 Bxe6 71. Kxg6 Bg4 1/2-1/2